| 000 | 01303nam a2200217 a 4500 | ||
|---|---|---|---|
| 001 | BRL_1263 | ||
| 005 | 20190320211122.0 | ||
| 008 | 091213m19591968nyuabeo##e---#000-0#eng-# | ||
| 041 | _aeng | ||
| 044 | _anyu | ||
| 050 | 4 |
_aN31 _b.E53 1959 |
|
| 245 | 1 | 0 | _aEncyclopedia of world art = Enciclopedia universale dell´arte |
| 260 |
_aNew York _bMcGraw Hill _c1959-1968 |
||
| 300 |
_a15 v. _bil., láminas, mapas, planos _c31 cm. |
||
| 500 | _av.1 Au1478 ; v.2 Au1477 ; v.3 Au1476 ; v.4 Au1475 ; v.5 Au1474 ; v.6 Au1473 ; v.7 Au1472 ; v.8 Au1471 ; v.9 Au1470 ; v.10 Au1469 ; v.11 Au1468 ; v.12 Au 1467 ; v.13 Au1466 ; v.14 Au1465 ; v.15 Au1464. | ||
| 505 | 0 | _aContenido: v.1 Aalto - Asia Minor, Wester. - v.2 Asiatic - Byzantine art. - v.3 Calder - Cosmology.- v.4 Cossa - Eschatology.- v.5 Eskimo - Gallo-Roman Art.- v.6 Games and toys - Greece.- v.7 Greek Art - Indian Art.- v.8 Indo-Iranian art - Landscape architecture.- v.9 Landscape in art - Micronesian Cultures.- v.10 Middle American Protohistory - Painting.- v.11 Pakistan -Rembrandt.- v.12 Renaissance - Sahn.- v.13 Shamanism - Terror and the Malign.- v.14 Textiles, Embroidery, and Lace - Zurbarán.- v.15 Index. | |
| 650 | 1 | 4 |
_aArte _vEnciclopedias _926315 |
| 740 | 0 | _aEnciclopedia Universale dell’ Arte | |
| 902 | _aGRL | ||
| 942 |
_2lcc _cB |
||
| 999 |
_c10075 _d10075 |
||